|
|
|
|
| LEADER |
00708nam#a2200253#a#4500 |
| 001 |
002206 |
| 005 |
20160721142336.0 |
| 008 |
960605s1964####ag##################spa#d |
| 040 |
|
|
|a AR-BeUNQ
|
| 099 |
|
|
|a 10-K5
|
| 100 |
1 |
|
|a Kleiner, Bernardo
|
| 245 |
0 |
2 |
|a Veinte años de movimiento estudiantil reformista :
|b 1943-1963
|c Bernardo Kleiner.
|
| 260 |
|
|
|a Buenos Aires :
|b Platina,
|c 1964
|
| 300 |
|
|
|a 483 p
|
| 648 |
|
4 |
|a 1943-1963
|
| 650 |
|
7 |
|a HISTORIA
|2 spines
|
| 650 |
|
7 |
|a UNIVERSIDADES
|2 spines
|
| 650 |
|
7 |
|a ORGANIZACIONES JUVENILES
|2 spines
|
| 650 |
|
7 |
|a REFORMA EDUCATIVA
|2 toit
|
| 650 |
|
7 |
|a ASPECTO POLITICO
|2 toit
|
| 651 |
|
7 |
|a ARGENTINA
|2 Spines
|
| 929 |
|
|
|j 15887
|
| 942 |
|
|
|c LIB
|n 0
|
| 999 |
|
|
|c 5007
|d 80394
|